Bernard Sichère, Aristote au soleil de l’être, Paris, CNRS Éditions, coll. « CNRS philosophie », 2018, 152 p., 23 €. (notice n° 1659078)
[ vue normale ]
| 000 -LEADER | |
|---|---|
| fixed length control field | 01830cam a2200169 4500500 |
| 005 - DATE AND TIME OF LATEST TRANSACTION | |
| control field | 20260208010953.0 |
| 041 ## - LANGUAGE CODE | |
| Language code of text/sound track or separate title | fre |
| 042 ## - AUTHENTICATION CODE | |
| Authentication code | dc |
| 100 10 - MAIN ENTRY--PERSONAL NAME | |
| Personal name | Gili, Luca |
| Relator term | author |
| 245 00 - TITLE STATEMENT | |
| Title | Bernard Sichère, Aristote au soleil de l’être, Paris, CNRS Éditions, coll. « CNRS philosophie », 2018, 152 p., 23 €. |
| 260 ## - PUBLICATION, DISTRIBUTION, ETC. | |
| Date of publication, distribution, etc. | 2018.<br/> |
| 500 ## - GENERAL NOTE | |
| General note | 20 |
| 520 ## - SUMMARY, ETC. | |
| Summary, etc. | La notion d’aveuglement volontaire constitue un objet de perplexité pour la philosophie de la connaissance. Étroitement apparentée à celle de déni, elle semble présupposer qu’un même sujet pourrait voir ce qui est et pourtant réussir, volontairement, à ne pas le voir. On soutient que ce paradoxe n’est que de surface, et qu’il est non seulement parfois possible de s’aveugler volontairement, mais qu’il même parfois tout à fait rationnel de le faire. Dans tous les cas cependant, l’agent doit assumer la responsabilité des croyances et des actes qu’il fonde sur cette base. |
| 520 ## - SUMMARY, ETC. | |
| Summary, etc. | The concept of willful blindness is rightfully considered a puzzling object for the philosophy of knowledge. Closely associated with that of denial, it seems to assume that one and the same subject could see and could nonetheless succeed, willfully, in not seeing that something is the case. This paper claims that this paradox is merely superficial and that it is not only perfectly rational to blind oneself willfully at times, but that it is also something one is sometimes perfectly entitled to do. Yet, in all cases, the agent must take responsibility for the beliefs and actions built on that very foundation. |
| 786 0# - DATA SOURCE ENTRY | |
| Note | Revue philosophique de la France et de l'étranger | 143 | 3 | 2018-08-28 | p. 417t-456t | 0035-3833 |
| 856 41 - ELECTRONIC LOCATION AND ACCESS | |
| Uniform Resource Identifier | <a href="https://shs.cairn.info/revue-philosophique-2018-3-page-417t?lang=fr&redirect-ssocas=7080">https://shs.cairn.info/revue-philosophique-2018-3-page-417t?lang=fr&redirect-ssocas=7080</a> |
Pas d'exemplaire disponible.




Réseaux sociaux